000 00671nam a2200181 a 4500
001 000005177
005 20211014100129.0
008 090804s1998 dr 000 0 spa d
040 _aDO-SdBNP
_bspa
_cBNPHU
082 _a864.44
_bR466d
100 1 _aReynoso Reynoso, Antonio,
_cPadre Toño
_d1954-
_914823
245 1 0 _aDel púlpito a la política /
_cAntonio Reynosos Reynoso ; edición al cuidado de Rafael Menoscal Reynoso.
260 _aSanto Domingo :
_bCocolo,
_c1998.
300 _a255 p. ;
_c21 cm.
650 4 _aPolitica
_xEnsayos, conferencias, etc.
_914824
650 4 _aReligion
_xReligion, ensayos, conferencias, etc.
_914825
700 1 _aReynoso, Menoscal
_eed.
_941
999 _c4980
_d4980